000 00456nam a22001697a 4500
999 _c4632
_d4632
003 GBCCL
005 20241126110523.0
008 180129b xxu||||| |||| 00| 0 eng d
040 _cgbc
082 _aVER 248.83
_bKHA
100 _aKhaizakham, Kh.
_98513
245 _aTuailai aw na malam enin /
_cKh. Khaizakham
260 _aN. Zatawn & Family,
_bImphal:
_c2013
300 _a97 p.;
_c23 cm.
650 _aChristian life
_vYouth
_97817
942 _2ddc
_cBK
_010